Featuring Artist Music Quiz - Statistics

General Stats
  • This quiz has been taken 577 times
  • The average score is 11 of 20
Answer Stats
Song Featuring Main Artist % Correct
California Girls Snoop Lion Katy Perry
77%
Umbrella Jay Z Rihanna
75%
Get Lucky Pharrell Daft Punk
70%
Titanium Sia David Guetta
70%
On The Floor Pitbull Jennifer Lopez
69%
Princess of China Rihanna Coldplay
68%
Moves Like Jagger Christina Aguilera Maroon 5
65%
We Found Love Calvin Harris Rihanna
61%
Baby Ludacris Justin Bieber
58%
E.T. Kanye West Katy Perry
57%
Gold Digger Jamie Foxx Kanye West
56%
No Air Chris Brown Jordin Sparks
53%
Hall Of Fame will.i.am The Script
52%
Airplanes Hayley Williams BOB
50%
Somebody That I Used To Know Kimbra Gotye
46%
Promiscuous Timbaland Nelly Furtado
46%
Everything Has Changed Ed Sheeran Taylor Swift
42%
No Love Lil Wayne Eminem
28%
Don't Cha Busta Rhymes Pussycat Dolls
27%
Don't You Worry Child John Martin Swedish House Mafia
17%
No matching quizzes found
Score Distribution
Percent of People with Each Score
Percentile by Number Answered
Your Score History
You have not taken this quiz